000 01369nac a22002891u 4500
010 _a 2005047880
020 _a0071384219 (alk. paper)
082 0 0 _a621.381
_bC5555
090 _c1972
_d1972
100 _a20080729
245 0 0 _aStandard handbook of electronic engineering /
_cDonald Christiansen, editor, Charles K. Alexander, editor, Ronald K. Jurgen, associate editor.
250 _a5th ed.
260 _aNew York :
_bMcGraw-Hill,
_cc2005.
300 _a1 v. (various pagings) :
_bill. ;
_c25 cm. +
_e1 CD-ROM ( 4 3/4 in.)
440 0 _aMcGraw-Hill standard handbooks
500 _aRev. ed. of: Electronics engineers' handbook. 4th ed. 1997.
500 _aIncludes index.
650 0 _aElectronics
_vHandbooks, manuals, etc.
700 1 _aChristiansen, Donald.
700 1 _aAlexander, Charles K.
700 1 _aJurgen, Ronald K.
856 4 2 _3Contributor biographical information
_uhttp://www.loc.gov/catdir/enhancements/fy0624/2005047880-b.html
856 4 2 _3Publisher description
_uhttp://www.loc.gov/catdir/enhancements/fy0624/2005047880-d.html
856 4 2 _3Table of contents only
_uhttp://www.loc.gov/catdir/enhancements/fy0624/2005047880-t.html
942 _cNB
_k621.381
999 _c1972
_d1972